| 000 | 00363nam a2200133Ia 4500 | ||
|---|---|---|---|
| 008 | 220216s9999 xx 000 0 und d | ||
| 100 | _aHill D | ||
| 245 | 0 | _aLatex stability. Part. 2. How to achieve correct latex stability balance ? | |
| 260 |
_bRubber Asia _c2012 |
||
| 300 | _a44-46 | ||
| 500 | _aSource Year: 2012 | ||
| 650 | _aLatex stability | ||
| 942 | _cJS | ||
| 999 |
_c62082 _d62082 |
||